Arquitectura de la indeterminación /

Guardado en:
Bibliografiske detaljer
Hovedforfatter: Conde, Yago (autor)
Andre forfattere: Solà-Morales, Ignasi de (presentación) (presentación)
Format: Bog
Sprog:spansk
Udgivet: Barcelona, España : Actar, 2000, c2000
Fag:
Tags: Tilføj Tag
Ingen Tags, Vær først til at tagge denne postø!

MARC

LEADER 00000nam^a2200000^a^4500
001 000160572
005 20250521000000.0
009 20260310100727.54
020 |a 84-89698-50-3 
037 |a Acervo ITESO - Biblioteca 
041 |a ESP 
082 |a 724. 6  |b CON 
100 |a Conde, Yago  |e (autor) 
245 1 0 |a Arquitectura de la indeterminación /  |c Y. Conde ; presen. de I. de Solà-Morales... [et al.]. 
264 4 |a Barcelona, España :  |b Actar,  |c 2000, c2000 
300 |a 287 p. 
336 |a texto  |b txt  |2 rdacontenido 
337 |a sin mediación  |b n  |2 rdamedio 
338 |a volumen  |b nc  |2 rdasoporte 
593 |a Tesis de Lic. en Arquitectura, Escuela Técnica Superior de Arquitectura de Barcelona 
649 |a XX 
650 |a Arquitectos Españoles 
650 |a Artistas Españoles 
650 |a Estética 
650 |a Arquitectura Moderna -  |x Historia y Crítica 
650 |a Arquitectura -  |y Siglo XX 
650 |a Arquitectura -  |x Teoría 
650 |a Arquitectura -  |x Filosofía 
650 |a Arquitectura -  |x Historia y Crítica 
650 |a Arte Moderno -  |x Historia y Crítica 
650 |a Arte -  |y Siglo XX 
650 |a Arte -  |x Teoría 
650 |a Yago, Santiago 
700 |a Solà-Morales, Ignasi de  |e (presentación) 
910 |a Fondo General 
920 |a Impresos - Tesis Externas 
930 |a Reserva Especial 
905 |a 103 
901 |a 0500093001  |b IT1  |c REE  |u 20250521 
902 |a https://opac.biblio.iteso.mx/vufind/Record/000160572